Southville International School and Colleges
Your cart is empty.
  • Cart
  • Lists
    Public lists Eva Luna New books Lux_list list_1
    Your lists Log in to create your own lists
  • Log in to your account
  • Your cookies
  • Search history
Southville International School and Colleges
  • Advanced search
  • Recent comments
  • Most popular
  • Libraries

Log in to your account

Log in with GOOGLE


If you do not have an external account, but do have a local account, you can still log in:

  1. Home
  2. MARC view: Rise and walk :
Normal view MARC view ISBD view

Rise and walk : (Record no. 35857)

[ view plain ]
MARC details
000 -LEADER
fixed length control field 00488nam a22001697a 4500
003 - CONTROL NUMBER IDENTIFIER
control field OSt
005 - DATE AND TIME OF LATEST TRANSACTION
control field 20140311134813.0
008 - FIXED-LENGTH DATA ELEMENTS--GENERAL INFORMATION
fixed length control field 130607t xxu||||| |||| 00| 0 eng d
020 ## - INTERNATIONAL STANDARD BOOK NUMBER
International Standard Book Number 0061092878
050 ## - LIBRARY OF CONGRESS CALL NUMBER
Classification number GV 939
Item number .B995 1993
082 ## - DEWEY DECIMAL CLASSIFICATION NUMBER
Classification number M 796.332092
Item number B99 1993
245 ## - TITLE STATEMENT
Title Rise and walk :
Remainder of title the trial and triumph of Dennis Byrd
Statement of responsibility, etc Byrd, Dennis
260 ## - PUBLICATION, DISTRIBUTION, ETC. (IMPRINT)
Place of publication, distribution, etc New York, NY :
Name of publisher, distributor, etc HaperPaperbacks,
Date of publication, distribution, etc c1993.
300 ## - PHYSICAL DESCRIPTION
Extent ix, 302 p.
Other physical details ill. ;
Dimensions 17 cm.
942 ## - ADDED ENTRY ELEMENTS (KOHA)
Source of classification or shelving scheme Library of Congress Classification
Koha item type Books
Call number prefix
Holdings
Withdrawn status Lost status Source of classification or shelving scheme Damaged status Home library Current library Shelving location Date acquired Total Checkouts Full call number Barcode Date last seen Copy number Price effective from Koha item type
    Library of Congress Classification   College Library College Library General Circulation Section 06/07/2013   GV 939 .B995 1993 C1670 05/15/2018 1 06/07/2013 Books

Rise and walk :

APA

(1993). Rise and walk. New York, NY: HaperPaperbacks.

Chicago

1993. Rise and walk. New York, NY: HaperPaperbacks.

Harvard

(1993). Rise and walk. New York, NY: HaperPaperbacks.

MLA

Rise and walk. New York, NY: HaperPaperbacks. 1993.

  • Place hold
  • Print
  • Cite
  • Add to your cart (remove)
  • Save record
    BIBTEX Dublin Core MARCXML MARC (non-Unicode/MARC-8) MARC (Unicode/UTF-8) MARC (Unicode/UTF-8, Standard) MODS (XML) RIS
  • More searches
    Search for this title in:
    Other Libraries (WorldCat) Other Databases (Google Scholar) Online Stores (Bookfinder.com) Open Library (openlibrary.org)

Exporting to Dublin Core...

SOUTHVILLE LIBRARY

Southville International School and Colleges Library

1281 Tropical Ave. Cor. Luxembourg St., BF Homes International, Las Pinas City

Tel. No. 8256374 / 252358 Loc. 117/146

Powered by Koha